Cégváltozás

Kníhkupectvo, tlačiareň a knihárstvo B.Landesmana v Michalovciach preberá doterajší technický správca časopisu a chystá sa závod zmodernizovať

Podrobná bibliografia
Médium: Článok
Jazyk:Hungarian
Témy:
Zdroj: 1. Felsö-Zemplén 1. Roč. 18, č. 29 (13.07.1913) s. 2
LEADER 00870nab#a2200289#ar4500
001 000076629
003 SVKKK
005 20050815xxxxxxx.
008 06 c xo huno
FMT
038 |a SVKKK 
040 |a SVKKK  |b slo  |e AACR2 
041 0 |a hun 
044 |a xo  |c SK 
080 |a 655 
242 1 0 |a Zmena firmy 
245 0 0 |a Cégváltozás 
500 |a Ex/Ro-75 
520 2 |a Kníhkupectvo, tlačiareň a knihárstvo B.Landesmana v Michalovciach preberá doterajší technický správca časopisu a chystá sa závod zmodernizovať 
650 0 4 |a Landesman, Michalovce (tlačiareň, kníhkupectvo) - modernizácia pripravovaná - Michalovce - rok 1913 - správy 
773 0 |t Felsö-Zemplén  |g Roč. 18, č. 29 (13.07.1913) s. 2 
957 |a Michalovce 
958 |a SK 
974 |a zuz  |d 20050815 
992 |a RBX 
BAS
998 |a RETRO